000 00640cab a2200229 4500
001 WB3506-46
008 090401t1999 xxu||||| |||| 00| 0 eng d
035 _a(Sirsi) u91245
041 _aeng
245 2 _aA man of property
260 _c1999
350 _a0
490 _aScotsman
_v11 February 1999, 27(2)
520 _aInterview with Jim Fiddes the former Chief Executive of Ryden who is due to retire shortly.
650 _aABOUT RICS-RICS MEMBERS
650 _aJIM FIDDES
650 _aRYDEN
650 _aSCOTLAND
690 _aMANAGEMENT-BUSINESS MANAGEMENT-PROFESSIONAL PRACTICE
942 _n0
948 _c11/02/1999
999 _c57899
_d57899